| 000 | 00448nam a2200157Ia 4500 | ||
|---|---|---|---|
| 008 | 230917s9999||||xx |||||||||||||| ||und|| | ||
| 040 |
_e244747 _aMAIN |
||
| 041 | _aEnglish | ||
| 082 | _a647.94 A26T | ||
| 100 | _aAndrews, Sudhir | ||
| 245 | 0 | _aTextbook of hotel housekeeping management and operations | |
| 260 |
_aChennai _bMcGraw-Hill Education (India) _c2017 |
||
| 300 | _axvii, 478 p. | ||
| 500 | _a3006 17/01/2018 IHTM (SFS) | ||
| 942 | _cBK | ||
| 999 |
_c25352 _d25352 |
||